Statistics for European countries flags

Click here to take the quiz!

General Stats

  • This quiz has been taken 24 times
  • The average score is 47 of 51

Answer Stats

Answer% Correct
Albania
100%
Finland
100%
Germany
100%
Andorra
95%
Austria
95%
Belarus
95%
Belgium
95%
Croatia
95%
Denmark
95%
France
95%
Greece
95%
Iceland
95%
Italy
95%
Kazakhstan
95%
Kosovo
95%
Malta
95%
Monaco
95%
North Macedonia
95%
Norway
95%
Poland
95%
Portugal
95%
Romania
95%
Russia
95%
San Marino
95%
Slovakia
95%
Slovenia
95%
Spain
95%
Sweden
95%
Switzerland
95%
Turkey
95%
Ukraine
95%
Vatican City
95%
Bosnia and Herzegovina
89%
Bulgaria
89%
Cyprus
89%
Czech Republic
89%
Estonia
89%
Georgia
89%
Ireland
89%
Latvia
89%
Liechtenstein
89%
Lithuania
89%
Moldova
89%
Netherlands
89%
Serbia
89%
Armenia
84%
Hungary
84%
Luxembourg
84%
Montenegro
84%
The United Kingdom
84%
Azerbaijan
79%

Score Distribution

Percentile by Number Answered

Percent of People with Each Score

Your Score History

You have not taken this quiz